000 00494nam a2200169Ia 4500
003 GCL
008 140319s9999 xx 000 0 ara d
040 _aGCL /
_cGCL
082 0 4 _a191
_bع ا
100 1 _aعبدالرحمن بدوى
245 1 0 _aالمثل العقلية الافلاطونية /
_cعبدالرحمن بدوى
260 _a[S.N] :
_bوكالة المطبوعات
300 _a158 ص
490 _a
650 0 4 _aالفلسفة الافلاطونية
942 _2ddc
_cBK
999 _c53645
_d53645